Funding regeneration (Record no. 106943)

MARC details
000 -LEADER
fixed length control field 01073cab a22002055a 4500
001 - CONTROL NUMBER
control field L137939
008 - FIXED-LENGTH DATA ELEMENTS--GENERAL INFORMATION
fixed length control field 070509e20070501xxko f 000 0 eng d
035 ## - SYSTEM CONTROL NUMBER
System control number (Sirsi) u137939
041 0# - LANGUAGE CODE
Language code of text/sound track or separate title eng
050 04 - LIBRARY OF CONGRESS CALL NUMBER
Classification number 711.52 $2 18
110 2# - MAIN ENTRY--CORPORATE NAME
Corporate name or jurisdiction name as entry element British Property Federation
9 (RLIN) 1604
245 00 - TITLE STATEMENT
Title Funding regeneration
Remainder of title a guide to public sector grants
260 ## - PUBLICATION, DISTRIBUTION, ETC.
Place of publication, distribution, etc. London
Name of publisher, distributor, etc. BPF
Date of publication, distribution, etc. 2007
520 ## - SUMMARY, ETC.
Summary, etc. Covers common factors to be taken into account when applying for public sector funding. Suggests courses of action to follow in order to maximise funding. Details the main funding bodies available for development and regeneration. Lists the funds available through these bodies. Covers loans, awards, tax incentives, capital allowances, private finance initiatives, grant and gap funding.
590 ## - LOCAL NOTE (RLIN)
Local note KA
651 #4 - SUBJECT ADDED ENTRY--GEOGRAPHIC NAME
Geographic name United Kingdom
Chronological subdivision
690 ## - LOCAL SUBJECT ADDED ENTRY--TOPICAL TERM (OCLC, RLIN)
Topical term or geographic name as entry element PROPERTY-PROPERTY FINANCE AND INVESTMENT
856 40 - ELECTRONIC LOCATION AND ACCESS
Uniform Resource Identifier <a href="https://www.bpf.org.uk/en/files/bpf_documents/regeneration/Funding_regeneration_-_a_guide_to_public_sector_grants.pdf">https://www.bpf.org.uk/en/files/bpf_documents/regeneration/Funding_regeneration_-_a_guide_to_public_sector_grants.pdf</a>
Public note View the item for free at www.bpf.org.uk
942 ## - ADDED ENTRY ELEMENTS (KOHA)
Suppress in OPAC 0
Holdings
Withdrawn status Lost status Source of classification or shelving scheme Damaged status Not for loan Home library Current library Shelving location Date acquired Total Checkouts Full call number Barcode Date last seen Copy number Price effective from Koha item type
    Dewey Decimal Classification     Virtual Virtual Online 09/05/2007   ONLINE PUBLICATION 137939-1001 06/08/2019 1 06/08/2019 Book